Statistics for Random Trivia Quiz by Pictures #4

Click here to take the quiz!

General Stats

  • This quiz has been taken 17 times
  • The average score is 7 of 20

Answer Stats

Answer% Correct
Pavo
94%
Tom Hanks
82%
Gold
76%
Greta Thunberg
76%
Joan of Arc
71%
e
47%
Supermassive Black Hole
47%
Tsar
41%
Meredith
35%
Brook
18%
Franz Liszt
18%
Elizabeth Barrett Browning
12%
Gluon
12%
Guinevere
12%
Wuthering Heights
12%
Ada Hegerberg
6%
Ajaccio
6%
Tarja Halonen
6%
Ishmael
0%
Johnnie Ray
0%

Score Distribution

Percentile by Number Answered

Percent of People with Each Score

Your Score History

You have not taken this quiz